000 00255nam a22001097a 4500
999 _c165563
_d165563
082 _a
_b
100 _aChandrasekhar
245 _aReethikaleen swachhand kavyadhara/
_cby Chandrasekhar.
260 _aNew Delhi:
_bRajpal,
_c
650 _a
942 _cBK